00277 a2200109 4500001000700000020000600007040001100013100003500024240005200059245004700111362000900158161651 a  cMagnum aBarcellos, Gladis Maria Ferrao10aHora do conto da fantasia ao prazer de lerlpor10aHora do conto da fantasia ao prazer de ler0 a1899